000 00906nam a2200205 a 4500
001 000028919
005 20200930055222.0
008 110412s2000 dr 000 0 spa d
040 _aDO-SdBNP
_bsap
_cBNPHU
082 _a354.328
_bC766V
245 0 0 _aConvenio de Viena para la protección de la capa de ozono :
_bprotocolo de Montreal relativo a las sustancias que agotan la capa de ozono.
260 _aSanto Domingo :
_bComisión Nacional de Seguimiento a los Acuerdos de la Conferencia de las Naciones Unidas sobre Medio Ambiente y Desarrollo,
_c2000.
300 _a69 p. ;
_c22 cm.
590 _aInventariado, 2018/MFF
650 4 _aPolítica ambiental
_zRepública Dominicana
_910809
650 4 _aCapa de ozono
_xLegislación
_955877
650 4 _aProtección del medio ambiente
_94185
651 4 _aRepública Dominicana
_xTratados Internacionales
_99650
910 _aValidado. Control de calidad EMS
999 _c28411
_d28411